00582nam a2200193Ia 450000500170000000800410001708200130005810000060007124500570007726000500013430000150018465000110019965000160021065000200022670000260024694200060027295200950027899900150037320240821041827.0240331s9999 xx 000 0 und d bCOMa613 a  0aCommunity health in Asia :ba report on wo workshops aSingaporebChristian Conference of Asiac1977 a149 p .,  aHealth aDevelopment aSocio-Political aRifkin, Susan B,eedt cL 001040708LaWERCLbWERCLcSSCd2024-03-31l0o 613 COMp1313r2024-03-31w2024-03-31yL c3010d3010